000 01492nam a2200325 a 4500
999 _c122385
_d122385
003 BLK
005 20240319090851.0
008 180409b bul|||||r ||||||| ||bul||
010 _aKNG00128022000
040 _aBLK
041 _aBUL
_cBUL
080 _aБългарска литература
_b821.163.2
_x-2
_z821.163.2-2
100 _aАсенов, Драгомир
_gМеламед, Жак Нисим
_cПисател. Работил в русенския в. "Дунавски отечествен фронт", един от основателите на "Дунавски културен фронт"
_d1926 - 1981
_9272757
139 _aАсенов, Драгомир
_bА 92
245 1 0 _aНаградата
_bПиеса в 4 к.
_cДрагомир Асенов; * Жак Нисим Меламед.
257 _aBGR
260 _aСофия
_bБълг. писател
_c1981
300 _a64 с.
_c21 см
380 _aX
490 _aСъвременна българска драма
_9204539
500 _aИстинското име на авт. е Жак Нисим Меламед. - 1 613 тир.
700 1 _aМеламед, Жак Нисим
_e*
_9272758
852 _aЦб 107865
856 4 _qpdf
_i0.00
_ldisable
856 4 _qpdf
_i0.00
_ldisable
942 _cKNG
_n0
_s1
944 _aCR
_c28.02.2012
_lМоника Янева
_k30570
944 _aED
_c28.02.2012
_l28.02.2012 - от С1,Р / 28.02.2012
999 _d122385